| 000 | 00735cab a2200217 4500 | ||
|---|---|---|---|
| 001 | ABS47124 | ||
| 008 | 090401t1992 xxu||||| |||| 00| 0 eng d | ||
| 035 | _a(Sirsi) u60890 | ||
| 041 | _aeng | ||
| 100 | _aWaters, B. | ||
| 245 | _aPublicising planning applications: new rules now in force | ||
| 260 | _c1992 | ||
| 350 | _a0 | ||
| 490 |
_aArchitects` Journal _v196(10) 9 September 1992, 46-48(3) |
||
| 520 | _aDescribes the effects of DOE Circular 15/92 which introduced new provisions for publicising planning applications in England and Wales, and came into force at the end of July. | ||
| 650 | _aPLANNING APPLICATIONS | ||
| 650 | _aPUBLICITY | ||
| 690 | _aPLANNING LAW AND PRACTICE | ||
| 942 | _n0 | ||
| 948 | _c04/03/1997 | ||
| 999 |
_c37649 _d37649 |
||